Chelsea Squad in Age Order (24/25) - Statistics

General Stats
  • This quiz has been taken 28 times
  • The average score is 17 of 30
Answer Stats
Age Player % Correct
32 Marcus Bettinelli
86%
27 Ben Chilwell
73%
22 Cole Palmer
73%
20 Roméo Lavia
68%
26 Christopher Nkunku
64%
23 Enzo Fernández
64%
24 João Félix
64%
24 Reece James
64%
26 Marc Cucurella
59%
18 Marc Guiu
59%
23 Mykhailo Mudryk
59%
24 Pedro Neto
59%
24 Jadon Sancho
55%
25 Kiernan Dewsbury-Hall
55%
21 Levi Colwill
55%
21 Malo Gusto
55%
21 Renato Veiga
55%
26 Axel Disasi
50%
23 Benoît Badiashile
50%
20 Carney Chukwuemeka
50%
26 Robert Sánchez
50%
26 Tosin Adarabioyo
50%
23 Wesley Fofana
50%
22 Filip Jörgensen
45%
22 Moisés Caicedo
45%
23 Nicolas Jackson
45%
22 Noni Madueke
45%
18 Omari Kellyman
45%
21 Lucas Bergström
32%
21 Cesare Casadei
27%
No matching quizzes found
Score Distribution
Percent of People with Each Score
Percentile by Number Answered
Your Score History
You have not taken this quiz